000 01075cam a2200277 i 4500
001 3758
005 20250327095233.0
020 _a9781626864665 (softcover)
040 _aDLC
_beng
_cDLC
_erda
_dDLC
050 0 0 _aPS3523.O46
082 0 0 _a813.52
100 1 _aLondon, Jack
_d1876-1916,
_eauthor.
245 1 4 _aThe call of the wild /
_cJack London.
260 _aJacksonville :
_bPerma-Bound Classic ,
_c1988
300 _a113 pages :
_c18 cm .
_billustrations ;
505 0 0 _tCall of the wild --
_tWhite fang -
_tThe sea wolf.
_aZ
520 _aThe adventures of an unusual dog, part St. Bernard, part Scotch shepherd, that is forcibly taken to the Klondike gold fields where he eventually becomes the leader of a wolf pack.
521 _a990
_bLexile
521 _aZ
_bRaz-Plus
650 0 _aAdventure stories, American.
_vfiction
655 7 _aAdventure fiction.
_2gsafd
700 1 2 _aLondon, Jack,
_d1876-1916.
_tWhite Fang.
700 1 2 _aLondon, Jack,
_d1876-1916.
_tSea-wolf.
906 _a7
_bcbc
_corignew
_d1
_eecip
_f20
_gy-gencatlg
942 _2ddc
_cBK
_n0
999 _c3758
_d3758